Repensar la seguridad /
Tallennettuna:
| Päätekijä: | |
|---|---|
| Aineistotyyppi: | Teksti |
| Aiheet: | |
| Tagit: |
Lisää tagi
Ei tageja, Lisää ensimmäinen tagi!
|
MARC
| LEADER | 00000 a a2200000 04500 | ||
|---|---|---|---|
| 001 | 17349 | ||
| 003 | |||
| 040 | |||
| 100 | |a Fisas, Vicençs | ||
| 245 | |a Repensar la seguridad / |c Vicençs Fisas | ||
| 650 | |a SEGURIDAD | ||
| 650 | |a DESARROLLO HUMANO | ||
| 650 | |a ORGANIZACIONES INTERNACIONALES | ||
| 650 | |a PAZ | ||
| 773 | |g número 6; páginas 1-3 | ||
| 999 | |c 31055 |d 31055 | ||
